| 000 | 00839nam a22002897a 4500 | ||
|---|---|---|---|
| 003 | CHAP | ||
| 005 | 20220329133914.0 | ||
| 008 | 971013s1964 r 00010 d | ||
| 010 | _a12518 | ||
| 011 | _a13490 | ||
| 035 | _a17562 | ||
| 040 | _cCHAP | ||
| 082 |
_a025.21 _bC3 1964 |
||
| 100 | 0 | 0 |
_aCarter, Mary Duncan. _919623 |
| 245 | _aBuilding library collections | ||
| 260 |
_aNew York : _bScarecrow, _c1964 |
||
| 300 | _a287 p. | ||
| 590 |
_aBATCH-UPD _b10 _c20130110 _lUCH01 _h1956 |
||
| 590 |
_aBATCH-UPD _b10 _c20130410 _lUCH01 _h1317 |
||
| 590 |
_aBATCH-UPD _b10 _c20130914 _lUCH01 _h0658 |
||
| 590 |
_aCONVERSION _b10 _c20130109 _lUCH01 _h1308 |
||
| 650 | 1 | 4 |
_aSelección de libros. _9103776 |
| 700 | 0 |
_aBonk, Wallace John. _913719 |
|
| 901 | _aBK | ||
| 942 | _cLIBRO | ||
| 949 |
_a025.21 C3 1964 _bBC _cB _d-41364 _eB _h60490 _i17562 _si |
||
| 999 |
_c12518 _d12518 |
||